Statistiche per Primi 15 paesi interessati da Covid-19 - 27 aprile 2022

Clicka qui per fare il quiz!

Statistiche generali

  • Questo quiz è stato fatto 9 volte
  • Il punteggio medio è 15 su 29

Statistiche sulle risposte

paese% Corretto
Italia
100%
Stati Uniti
100%
Francia
89%
Germania
89%
Regno Unito
89%
Spagna
89%
Brasile
78%
India
78%
Russia
78%
Giappone
67%
Portogallo
67%
Turchia
67%
Argentina
56%
Austria
56%
Belgio
56%
Paesi Bassi
56%
Paesi Bassi
56%
Danimarca
44%
Corea del Sud
33%
Slovenia
33%
Svizzera
33%
Cechia
22%
Israele
22%
Estonia
11%
Lettonia
11%
Lituania
11%
Cipro
0%
Georgia
0%
Vietnam
0%

Distribuzione punteggi

Percentile per numero di risposta

Percentuale di utenti per punteggio

I tuoi punteggi nel tempo

Non hai fatto questo quiz